000
00325nam a2200133 i 4500
001
bgj
100
1
_a
Townsend, Charles Barry.
245
1
0
_a
World's greatest puzzles /
_c
Charles Barry Townsend.
260
_a
New York,
_c
1993.
040
_c
BPK
041
_a
eng
942
_c
KS
008
s uk f |000 0 eng
999
_c
47974
_d
47974